| Поле | Название | Значение |
| |
Тип записи |
a |
| |
Библиографический уровень |
m |
| 001 |
Контрольный номер |
RU/IS/BASE/449340434 |
| 005 |
Дата корректировки |
20201206204915.6 |
| 010 |
Индекс ISBN |
__ |
| a |
ISBN |
0-345-41819-0 |
| d |
Цена |
688-00 |
| 101 |
Язык документа |
0_ |
| a |
Язык текста |
eng |
| 200 |
Заглавие и сведения об ответственности |
1_ |
| a |
Заглавие |
The power of birthdays, stars, & numbers |
| e |
Сведения, относящиеся к заглавию |
the complete personology reference guide |
| f |
Первые сведения об ответственности |
Saffi Crawford and Geraldine Sullivan |
| b |
Общее обозначение материала |
Текст |
| 200 |
Заглавие и сведения об ответственности |
__ |
| d |
Параллельное заглавие |
Cила дней рождения, звезд, чисел |
| 210 |
Выходные данные |
__ |
| a |
Место издания |
New York |
| c |
Издательство |
Ballantine Books |
| d |
Дата издания |
1998 |
| 215 |
Физическое описание |
__ |
| a |
Объем |
831 [1] с. |
| 330 |
Аннотация |
__ |
| a |
Аннотация |
Как на нашу жизнь влияют данные нам имена, даты рождения и другие секреты астрологии. |
| 517 |
Другие варианты заглавия |
__ |
| a |
Другие варианты заглавия |
The power of birthdays, stars, & numbers |
| 606 |
Тематические рубрики |
__ |
| a |
Основная рубрика |
Религия. Мистика. Свободомыслие |
| 606 |
Тематические рубрики |
__ |
| a |
Основная рубрика |
Магия, мантика |
| 610 |
Ключевые слова |
__ |
| a |
Ключевые слова |
астрология; нумерология; предсказания; предсказание судьбы; предсказание будущего; имена; женские имена; мужские имена; астрологические прогнозы; гадания; магия; магия чисел; гороскопы; зодиакальный гороскоп; зодиакальные знаки; знаки Зодиака |
| 686 |
Индексы других классификаций |
__ |
| 2 |
Код системы |
rubbks |
| a |
Классификационный индекс |
86.414.1 |
| 700 |
Автор |
_1 |
| a |
Фамилия |
Crawford |
| b |
Имя |
S. |
| g |
Полное личное имя |
Saffi |
| 4 |
Код отношения |
070 |
| 701 |
Альтернативная интеллектуальная ответственность |
_1 |
| a |
Фамилия |
Sullivan |
| b |
Имя |
G. |
| g |
Полное личное имя |
Geraldine |
| 4 |
Код отношения |
070 |
| 801 |
Источник записи |
_0 |
| a |
Страна |
RU |
| b |
Организация |
Муниципальное бюджетное учреждение культуры "Централизованная библиотечная система" г. Сургут (Центральная городская библиотека им. А. С. Пушкина) |
| g |
Правила каталогизации |
КиК/Котельникова |
| 801 |
Источник записи |
_1 |
| a |
Страна |
RU |
| b |
Организация |
Муниципальное бюджетное учреждение культуры "Централизованная библиотечная система" г. Сургут (Центральная городская библиотека им. А. С. Пушкина) |
| g |
Правила каталогизации |
КиК/Котельникова |
| 852 |
Данные о местонахождении |
__ |
| j |
Шифр хранения |
86.414.1 |
| i |
Авторский знак |
C 87 |
| 901 |
Тип документа |
1_ |
| t |
Тип документа |
m |
| 903 |
Характеристики (МАРС) |
__ |
| a |
Дата передачи |
20140331 |
| 990 |
Данные о заказе (DOS) |
__ |
| j |
Количество экземпляров (DOS) |
1 |
| t |
N записи в КСУ для И/У (DOS) |
201404 |